The Sorting Hat Quiz - Statistics

General Stats
  • This quiz has been taken 273 times
  • The average score is 29 of 36
Answer Stats
Question Tile Select % Correct
Gryffindor Students Harry Potter Yes
100%
Gryffindor Students Severus Snape No
100%
Gryffindor Students Hermione Granger Yes
98%
Gryffindor Students Cedric Diggory No
97%
Slytherin Students Draco Malfoy Yes
97%
Gryffindor Students Luna Lovegood No
96%
Gryffindor Students Horace Slughorn No
95%
Slytherin Students Gilderoy Lockhart No
94%
Slytherin Students Lee Jordan No
94%
Gryffindor Students Oliver Wood Yes
91%
Slytherin Students Sirius Black No
90%
Ravenclaw Students Bellatrix Black No
89%
Ravenclaw Students Dean Thomas No
87%
Slytherin Students Severus Snape Yes
86%
Hufflepuff Students Angelina Johnson No
85%
Ravenclaw Students Blaise Zabini No
85%
Slytherin Students Pansy Parkinson Yes
85%
Hufflepuff Students Dolores Umbridge No
83%
Hufflepuff Students Hannah Abbott Yes
82%
Ravenclaw Students Filius Flitwick Yes
79%
Gryffindor Students Albus Dumbledore Yes
77%
Gryffindor Students Lavender Brown Yes
77%
Hufflepuff Students Pomona Sprout Yes
76%
Hufflepuff Students Colin Creevey No
75%
Slytherin Students Marcus Flint Yes
75%
Slytherin Students Millicent Bulstrode Yes
70%
Ravenclaw Students Parvati Patil No
70%
Hufflepuff Students Justin Finch-Fletchley Yes
68%
Ravenclaw Students Padma Patil Yes
68%
Hufflepuff Students Ernie Macmillan Yes
67%
Ravenclaw Students Marietta Edgecombe Yes
66%
Ravenclaw Students Roger Davies Yes
65%
Hufflepuff Students Myrtle Warren No
64%
Hufflepuff Students Penelope Clearwater No
63%
Slytherin Students Andromeda Black Yes
58%
Ravenclaw Students Susan Bones No
58%
No matching quizzes found
Score Distribution
Percent of People with Each Score
Percentile by Number Answered
Your Score History
You have not taken this quiz